000 00344pab a2200145 454500
008 180718b1998 xxu||||| |||| 00| 0 eng d
100 _aSahay, K.B.
245 _aCriminals and polls: how to stop entry into parliament
260 _c1998
300 _ap.8
362 _a26 Apr
650 _aElections
773 _aStatesman
909 _a38498
999 _c38498
_d38498